A textbook of pharmaceutical chemistry / (Record no. 20097)
[ view plain ]
| 000 -LEADER | |
|---|---|
| fixed length control field | 00912nam a22002775a 4500 |
| 005 - DATE AND TIME OF LATEST TRANSACTION | |
| control field | 20160522115717.0 |
| 008 - FIXED-LENGTH DATA ELEMENTS--GENERAL INFORMATION | |
| fixed length control field | 150701r20122003ii a frbd 000 0 eng d |
| 020 ## - INTERNATIONAL STANDARD BOOK NUMBER | |
| International Standard Book Number | 9788121915083 |
| 020 ## - INTERNATIONAL STANDARD BOOK NUMBER | |
| International Standard Book Number | 8121915082 |
| 040 ## - CATALOGING SOURCE | |
| Original cataloging agency | EG-ScBUE |
| Language of cataloging | eng |
| Modifying agency | EG-ScBUE |
| Transcribing agency | EG-ScBUE |
| 082 04 - DEWEY DECIMAL CLASSIFICATION NUMBER | |
| Edition number | 22 |
| Classification number | 615.1901 |
| Item number | GHO |
| 100 1# - MAIN ENTRY--PERSONAL NAME | |
| Personal name | Ghosh, Jayashree. |
| 9 (RLIN) | 38661 |
| 245 12 - TITLE STATEMENT | |
| Title | A textbook of pharmaceutical chemistry / |
| Statement of responsibility, etc | Jayashree Ghosh. |
| 250 ## - EDITION STATEMENT | |
| Materials specified | 3rd rev ed., Reprint ed. |
| 260 ## - PUBLICATION, DISTRIBUTION, ETC. (IMPRINT) | |
| Place of publication, distribution, etc | New Delhi : |
| Name of publisher, distributor, etc | S. Chand & Company Ltd., |
| Date of publication, distribution, etc | 2012. |
| 300 ## - PHYSICAL DESCRIPTION | |
| Extent | viii, 360 p. : |
| Other physical details | ill. ; |
| Dimensions | 24 cm. |
| 500 ## - GENERAL NOTE | |
| General note | Glossary : p. 333-334. |
| 500 ## - GENERAL NOTE | |
| General note | Reprinted of the 2003 ed. |
| 500 ## - GENERAL NOTE | |
| General note | Also reprint 2008 ed. |
| 504 ## - BIBLIOGRAPHY, ETC. NOTE | |
| Bibliography, etc | Bibliography : p. 330-332. |
| 650 #7 - SUBJECT ADDED ENTRY--TOPICAL TERM | |
| Source of heading or term | BUEsh |
| 9 (RLIN) | 30027 |
| Topical term or geographic name as entry element | Pharmaceutical chemistry. |
| 650 #7 - SUBJECT ADDED ENTRY--TOPICAL TERM | |
| 9 (RLIN) | 6411 |
| Topical term or geographic name as entry element | Chemistry, Analytic |
| General subdivision | Quantitative. |
| Source of heading or term | BUEsh |
| 651 ## - SUBJECT ADDED ENTRY--GEOGRAPHIC NAME | |
| Source of heading or term | BUEsh |
| 653 ## - INDEX TERM--UNCONTROLLED | |
| Resource For college | Pharmacy |
| Arrived date list | November2015 |
| -- | May2016 |
| 942 ## - ADDED ENTRY ELEMENTS (KOHA) | |
| Source of classification or shelving scheme | Dewey Decimal Classification |
| Withdrawn status | Lost status | Source of classification or shelving scheme | Damaged status | Not for loan | Home library | Current library | Shelving location | Date acquired | Source of acquisition | Cost, normal purchase price | Serial Enumeration / chronology | Total Checkouts | Total Renewals | Full call number | Barcode | Date last seen | Date last borrowed | Cost, replacement price | Koha item type | Koha collection |
|---|---|---|---|---|---|---|---|---|---|---|---|---|---|---|---|---|---|---|---|---|
| Dewey Decimal Classification | Central Library | Central Library | First floor | 01/07/2015 | Purchase | 65.00 | 1091 | 2 | 42 | 615.1901 GHO | 000039322 | 15/07/2025 | 03/04/2023 | 81.00 | Book - Borrowing | |||||
| Dewey Decimal Classification | Central Library | Central Library | First floor | 22/05/2016 | Purchase | 57.00 | 3 | 615.1901 GHO | 000032554 | 15/07/2025 | 71.25 | Book - Borrowing | Alahram |